000 02059cam a2200457 a 4500
001 13384833
003 OSt
005 20210419053439.0
008 031027s2004 nyua b 001 0deng
010 _a 2003063344
020 _a0743224663
040 _aDLC
_cDLC
_dDLC
043 _an-us---
_an-us-ny
050 0 0 _aE440
_b.H65 2004
080 _a92
_bH-75
082 0 0 _a973.7/092
_222
100 1 _aHolzer, Harold.
245 1 0 _aLincoln at Cooper Union :
_bthe speech that made Abraham Lincoln president /
_cHarold Holzer.
260 _aNew York :
_bSimon & Schuster,
_cc2004.
300 _a338 p. :
_bill. ;
_c25 cm.
365 _b25 usd
504 _aIncludes bibliographical references (p. 285-322) and index.
600 1 0 _aLincoln, Abraham,
_d1809-1865.
_tCooper Institute speech.
600 1 0 _aLincoln, Abraham,
_d1809-1865
_xOratory.
600 1 0 _aLincoln, Abraham,
_d1809-1865
_xViews on slavery.
600 1 0 _aLincoln, Abraham,
_d1809-1865
_xPolitical career before 1861.
610 2 0 _aCooper Union for the Advancement of Science and Art.
650 0 _aSpeeches, addresses, etc., American
_zNew York (State)
_zNew York.
650 0 _zHistory
651 0 _aUnited States
_xPolitics and government
_y1857-1861.
653 _aმიმართვები
653 _aისტორია
653 _aამერიკის შეერთებული შტატების ისტორია
856 4 2 _3Contributor biographical information
_uhttp://www.loc.gov/catdir/bios/simon052/2003063344.html
856 4 2 _3Publisher description
_uhttp://www.loc.gov/catdir/description/simon052/2003063344.html
856 4 1 _3Table of contents only
_uhttp://www.loc.gov/catdir/toc/fy045/2003063344.html
856 4 1 _3Sample text
_uhttp://www.loc.gov/catdir/enhancements/fy0641/2003063344-s.html
906 _a7
_bcbc
_corignew
_d1
_eocip
_f20
_gy-gencatlg
942 _2udc
_cBK
999 _c232
_d232